000 00785nam a22002897a 4500
001 BR0102036
003 BR-BrBNA
005 20230928100836.0
007 ta
008 230509b bl.||||| |||| 00| 0 por d
040 _aBR-BrBNA
_bpor
_cBiblioteca Nacional de Agricultura
041 _a(Por)
072 _aP10; D50
090 _ P10 BR0102036
100 1 _aCabral, B.
110 1 _aSenado Federal, Brasilia, DF (Brasil)
_99266
245 1 _aA Agencia Nacional de Aguas - ANA
_bCaderno Legislativo no. 005/2001
260 3 _aBrasilia, DF (Brasil):
_c2001.
300 _av. 1-2
650 _aAgua
650 _aRecurso Hidrico
650 _aLegislacao
650 _aProjeto de Lei
650 _aPolitica Nacional
909 _a202309
_bLucia
_c55
_dLucia Elande
942 _cBK
999 _c63057
_d63057